Implementación del protocolo y manual operativo del Acueducto Metropolitano: Sistema de Abastecimiento La Valencia
Gorde:
| Egile nagusia: | |
|---|---|
| Formatua: | Liburua |
| Hizkuntza: | Spanish |
| Argitaratua: |
[San José], Costa Rica
2012
|
| Gaiak: |
ACUEDUCTO METROPOLITANO
> SUMINISTRO DE AGUA
> PROCESOS DE POTABILIZACION DEL AGUA
> TANQUES PARA AGUA
> ESTACIONES DE BOMBEO
> CONTROL DE PROCESOS
> INSTITUTO COSTARRICENSE DE ACUEDUCTOS Y ALCANTARILLADOS. SUBGERENCIA DE SISTEMAS DEL GAM. DIRECCION DE OPERACION Y CONTROL. SISTEMA DE ABASTECIMIENTO LA VALENCIA
|
| Etiketak: |
Etiketa erantsi
Etiketarik gabe, Izan zaitez lehena erregistro honi etiketa jartzen!
|
MARC
| LEADER | 00000nam a22000007a 4500 | ||
|---|---|---|---|
| 003 | 011591 | ||
| 005 | 20221231143920.0 | ||
| 008 | 151016b2012 cr a|||| |||| 00| 0 spa d | ||
| 040 | |c cru CEDI | ||
| 090 | |a TFG 6762 | ||
| 100 | |9 1571 |a Monge Martínez, Harold | ||
| 245 | |a Implementación del protocolo y manual operativo del Acueducto Metropolitano: Sistema de Abastecimiento La Valencia | ||
| 260 | |a [San José], Costa Rica |c 2012 | ||
| 500 | |a Proyecto de graduación (licenciatura en ingeniería civil)--Universidad de Costa Rica. Facultad de Ingeniería. Escuela de Ingeniería Civil | ||
| 650 | |x ACUEDUCTO METROPOLITANO |x SUMINISTRO DE AGUA |x PROCESOS DE POTABILIZACION DEL AGUA |x TANQUES PARA AGUA |x ESTACIONES DE BOMBEO |x CONTROL DE PROCESOS |x INSTITUTO COSTARRICENSE DE ACUEDUCTOS Y ALCANTARILLADOS. SUBGERENCIA DE SISTEMAS DEL GAM. DIRECCION DE OPERACION Y CONTROL. SISTEMA DE ABASTECIMIENTO LA VALENCIA |9 1572 | ||
| 942 | |c TFG | ||
| 999 | |c 14182 |d 14182 | ||
